=LDR 00000nam 2200000 4500 =001 INLIS000000000013318 =005 20251103091314 =035 ##$$a 0010-061300000013318 =008 251103################g##########0#ind## =041 ##$$a ind =082 ##$$a 658 =090 ##$$a 658.001, Ter p =100 3#$$a Terry, George R =245 1#$$a Perinsip-prinsip manajemen /$c George R.Terry ; alih bahasa, J. Smith =260 ##$$a Jakarta :$b Bumi Aksara,$c 1993 =300 ##$$a 228 hlm. ; $c 20 cm =650 #4$$a Manajemen =850 ##$$a NBPNMAT =084 ##$$a 658 TER p =250 ##$$a Cet. 7 =700 3#$$a Smith, J. =990 ##$$a 00093613 =990 ##$$a 20404821